000 00499nam a2200181Ia 4500
001 18400
005 20260306171628.0
008 260306s9999||||xx |||||||||||||| ||und||
041 _aESP
082 _a658.4038011
_bJ79
100 _aJoyanes Aguilar, Luis
_eAUT
245 0 _aSistemas de información en la empresa:
_bel impacto de la nube, la movilidad y los medios
260 _c2015
300 _axxv, 564 pƔginas :
_c24 cm.
650 _aGEN
654 _aCAN
942 _cLIB
_dJUS
_fJUS
_2ddc
_n
999 _c18400
_d18400